00837nam a22002532 450000100060000000300080000600500170001400800410003103500350007203500190010704000370012604100080016308200220017110000310019324500340022426000320025830000320029065000250032265000270034765000410037494200120041599900170042795201390044474919BD-RjUL20211209082624.0181222s1951 enka 000 0 eng d aOCLC ocm19581236 from D971205M a(BD-RjUL)75137 aVLCcVLCdUKMdEQOdBD-RjULbeng aeng04223a635bJOS 19511 aJohnstone, Mary A.922627110aScience in the school garden. aLondon :bMacmillan,c1951. axiv, 176 p.billus.c19 cm. 0aHorticulture9226272 0aSchool gardens9226273 0aSciencexStudy and teaching.9226274 2ddccBK c74919d74919 00102ddc40718NFICaRUCLbRUCLcReadingd1955-09-09eB.H.Blackwellg4.60l0o635 JOS 1951r2018-12-22 00:00:00tC-1w2018-12-22yBK